Гидротехнические сооружения. Т. 2: Водозаборные сооружения и отстойные бассейны (Запись № 13584581)

Подробности
000 -МАРКЕР
контрольное поле 01537nam2a2200277 4500
001 - ИДЕНТИФИКАТОР ЗАПИСИ
контрольное поле rc\2878056
005 - ИДЕНТИФИКАТОР ВЕРСИИ
контрольное поле 20260315052139.0
035 ## - ДРУГИЕ СИСТЕМНЫЕ НОМЕРА
Идентификатор записи (NLR Aleph) 007031059
100 ## - ДАННЫЕ ОБЩЕЙ ОБРАБОТКИ
Данные общей обработки 20110718d1933 u y0rusy50 ca
101 0# - ЯЗЫК РЕСУРСА
Язык текста, звукозаписи и т.д. русский
102 ## - СТРАНА ПУБЛИКАЦИИ ИЛИ ПРОИЗВОДСТВА
Страна публикации российская федерация
105 ## - ПОЛЕ КОДИРОВАННЫХ ДАННЫХ: ТЕКСТОВЫЕ МАТЕРИАЛЫ, МОНОГРАФИЧЕСКИЕ
Кодированные данные о монографическом текстовом документе a z |||||
200 1# - ЗАГЛАВИЕ И СВЕДЕНИЯ ОБ ОТВЕТСТВЕННОСТИ
Основное заглавие Водозаборные сооружения и отстойные бассейны
Первые сведения об ответственности Е.А. Замарин. Д.Я. Соколов
210 ## - ПУБЛИКАЦИЯ, РАСПРОСТРАНЕНИЕ И ДР.
Дата издания, распространения и т.д. 1933
215 ## - ФИЗИЧЕСКАЯ ХАРАКТЕРИСТИКА
Специфическое обозначение материала и объем Папка, 171 с.
Другие сведения о физической характеристике ил.
300 ## - ОБЩИЕ ПРИМЕЧАНИЯ
Текст примечания На тит. л.: "Е.А. Замарин. Д.Я. Соколов. Гидротехнические сооружения ..."
320 ## - ПРИМЕЧАНИЯ О НАЛИЧИИ В ДОКУМЕНТЕ БИБЛИОГРАФИИ / УКАЗАТЕЛЯ
Текст примечания Библиогр.: "Список просм. лит." (с. 170-71)
461 #0 - УРОВЕНЬ НАБОРА
Встроенное поле 001rc\2827484
-- 2001#$aГидротехнические сооружения$eТ. 1-$fСССР-НКЗ-Главводхоз. Ср.-Азиат. гипровод "Сазгипровод" (б. "Средазводпроиз")$vТ. 2
-- 700#1$aЗамарин$bЕ.А.$gЕвгений Алексеевич$f1884-
Системный номер (АБИС) связанной записи 5575937
Автор Замарин, Е.А. (1884-)
Место публикации Москва
Дата публикации 1932
Первые сведения об ответственности СССР-НКЗ-Главводхоз. Ср.-Азиат. гипровод "Сазгипровод" (б. "Средазводпроиз")
Имя издателя, распространителя и т.д. Сазгипровод
Сведения, относящиеся к заглавию Т. 1-
Заглавие Гидротехнические сооружения
Номер тома Т. 2
700 #1 - ИМЯ ЛИЦА - ПЕРВИЧНАЯ ОТВЕТСТВЕННОСТЬ
Начальный элемент ввода Замарин
Часть имени, кроме начального элемента ввода Е.А.
701 #1 - ИМЯ ЛИЦА - АЛЬТЕРНАТИВНАЯ ОТВЕТСТВЕННОСТЬ
Начальный элемент ввода Соколов
Часть имени, кроме начального элемента ввода Д.Я.
801 #0 - ИСТОЧНИК ЗАПИСИ
Страна российская федерация
Организация NLR
Правила каталогизации psbo
801 #1 - ИСТОЧНИК ЗАПИСИ
Страна российская федерация
Организация ELAR
Источник данных rusmarc
852 ## - МЕСТОНАХОЖДЕНИЕ И ШИФР ХРАНЕНИЯ
Идентификатор организации NLR
Шифр хранения (Call Number) 33-18/409(2)
942 ## - ДОПОЛНИТЕЛЬНЫЕ ЭЛЕМЕНТЫ ЗАПИСИ (АБИС)
Тип экземпляра АБИС Неопределено
980 ## - КОЛЛЕКЦИЯ
Название коллекции Национальная библиография

Нет доступных экземпляров.